[Event "Oberfranken-ch"]
[Site "Kronach"]
[Date "2023.11.03"]
[Round "3"]
[White "Kuhlemann, Claus"]
[Black "Jones, Rashad"]
[Result "1-0"]
[WhiteElo "1681"]
[BlackElo "817"]
[PlyCount "117"]
[EventDate "2023.11.02"]
[EventType "swiss"]
[EventRounds "7"]
[EventCountry "GER"]
[SourceTitle "CB46_2023"]
[SourceDate "2023.11.15"]
[SourceVersion "1"]
[SourceVersionDate "2023.11.15"]
[SourceQuality "1"]

1. f4 d5 2. Nf3 Nc6 3. b3 Nf6 4. Bb2 Bg4 5. e3 e6 6. Be2 Be7 7. 0-0 0-0 8. h3 Bh5 9. g4 Bxg4 10. hxg4 Nxg4 11. Kg2 h6 12. Rh1 Nb8 13. Qg1 f5 14. Nd4 Bf6 15. Bxg4 fxg4 16. Bc3 Qe7 17. Kf1 Nd7 18. Qxg4 Bg5 19. Qxe6+ Qf7 20. Qxf7+ Rxf7 21. Kg2 Bf6 22. Nf3 Raf8 23. Bxf6 Nxf6 24. Ne5 Re7 25. Nc3 Kh7 26. Kf2 Rd8 27. d3 d4 28. Ne4 dxe3+ 29. Kxe3 Nd5+ 30. Kd2 Nxf4 31. Raf1 Rf8 32. Nc4 b5 33. Ne3 Kg8 34. Rh4 Ng6 35. Rxf8+ Kxf8 36. Rh5 Rf7 37. Rxb5 c6 38. Rb8+ Ke7 39. Rb7+ Kf8 40. Rxf7+ Kxf7 41. Ng3 Nf4 42. Nc4 h5 43. Ke3 Ng2+ 44. Kf2 Nh4 45. Nxh5 g6 46. Ng3 g5 47. Ne5+ Kf6 48. Nxc6 a6 49. d4 Nf5 50. Nxf5 Kxf5 51. c4 Kg4 52. Kg2 Kh4 53. d5 g4 54. d6 g3 55. d7 a5 56. d8Q+ Kg4 57. Qg8+ Kf4 58. Qxg3+ Ke4 59. Qf3# 1-0

[Event "Oberfranken-ch"]
[Site "Kronach"]
[Date "2023.02.26"]
[Round "7"]
[White "Kuhlemann, Claus"]
[Black "Koppe, Sven"]
[Result "1-0"]
[WhiteElo "1716"]
[BlackElo "1483"]
[PlyCount "107"]
[EventDate "2023.02.23"]
[EventType "swiss"]
[EventRounds "7"]
[EventCountry "GER"]
[SourceTitle "EXT 2024"]
[Source "ChessBase"]
[SourceDate "2023.10.10"]
[SourceVersion "1"]
[SourceVersionDate "2023.10.10"]
[SourceQuality "1"]

1. f4 e6 2. e4 b6 3. Nf3 Bb7 4. d3 Be7 5. b3 d5 6. Bb2 f6 7. e5 Nc6 8. d4 Nh6 9. c3 Qd7 10. Na3 a6 11. Bd3 0-0 12. 0-0 fxe5 13. fxe5 Nf5 14. Qe2 Nd8 15. Nc2 c5 16. Ne3 b5 17. Nxf5 exf5 18. Bc1 Ne6 19. Bd2 c4 20. Bc2 Qe8 21. b4 Bc6 22. a3 Qh5 23. Rae1 Qe8 24. Qf2 g6 25. Qg3 Rf7 26. Bh6 Bf8 27. Bxf8 Qxf8 28. Ng5 Nxg5 29. Qxg5 Re8 30. Rf3 Kg7 31. Rh3 Re6 32. Rf1 Qe7 33. Qg3 Qf8 34. Rf4 Bd7 35. Rfh4 h5 36. Rxh5 Qg8 37. Rxf5 Rb6 38. Rg5 Bxh3 39. Bxg6 Kf8 40. Bxf7 Qxf7 41. Qxh3 Rg6 42. Rxg6 Qxg6 43. Qh8+ Ke7 44. Qf6+ Qxf6 45. exf6+ Kxf6 46. Kf2 Kg5 47. Ke3 Kg4 48. h3+ Kg3 49. Ke2 Kf4 50. g4 Kg5 51. Kf3 Kh4 52. Kf4 Kxh3 53. g5 Kg2 54. Ke3 1-0

[Event "Oberfranken-ch"]
[Site "Kronach"]
[Date "2023.02.25"]
[Round "6"]
[White "Wolf, Alfred1111"]
[Black "Kuhlemann, Claus"]
[Result "1-0"]
[WhiteElo "1580"]
[BlackElo "1716"]
[PlyCount "93"]
[EventDate "2023.02.23"]
[EventType "swiss"]
[EventRounds "7"]
[EventCountry "GER"]
[SourceTitle "CBM 213 Extra"]
[Source "ChessBase"]
[SourceDate "2023.05.31"]
[SourceVersion "1"]
[SourceVersionDate "2023.05.31"]
[SourceQuality "1"]

1. e4 b6 2. d4 Bb7 3. Nc3 e6 4. Bd3 Nf6 5. Bg5 Be7 6. Nf3 d6 7. 0-0 Nbd7 8. Re1 h6 9. Bh4 Nh7 10. Bxe7 Qxe7 11. d5 a6 12. e5 0-0 13. exd6 Qxd6 14. dxe6 fxe6 15. Be4 Bxe4 16. Nxe4 Qe7 17. Qe2 a5 18. Rad1 Nhf6 19. Nc3 Rfe8 20. Nd4 Kf7 21. Qc4 Qc5 22. Qe2 Qe7 23. Rd3 Nf8 24. Ne4 Nxe4 25. Qxe4 Qc5 26. Qf4+ Kg8 27. Rc3 Qd6 28. Qg4 e5 29. Nf5 Qd7 30. Nxh6+ Kh7 31. Nf5 g6 32. Qh4+ Kg8 33. Nh6+ Kg7 34. Qg5 Nh7 35. Qh4 Re6 36. Rd3 Qe7 37. Qh3 Ng5 38. Qe3 Kxh6 39. h4 Rf8 40. hxg5+ Qxg5 41. Qh3+ Kg7 42. Qxe6 Qh4 43. g3 Qh6 44. Rd7+ Kh8 45. Qxe5+ Kg8 46. Qe6+ Kh8 47. Kg2 1-0

[Event "Oberfranken-ch"]
[Site "Schney"]
[Date "2020.01.05"]
[Round "6"]
[White "Kuhlemann, Claus"]
[Black "Orendt, Robert"]
[Result "1/2-1/2"]
[WhiteElo "1766"]
[BlackElo "1647"]
[PlyCount "40"]
[EventDate "2020.01.03"]
[EventType "swiss"]
[EventRounds "7"]
[EventCountry "GER"]
[SourceTitle "CBM 194 Extra"]
[Source "ChessBase"]
[SourceDate "2020.03.31"]
[SourceVersion "1"]
[SourceVersionDate "2020.03.31"]
[SourceQuality "1"]

1. f4 Nf6 2. Nf3 d5 3. e3 e6 4. b3 Be7 5. Bb2 c5 6. Ne5 0-0 7. d4 Nc6 8. Nxc6 bxc6 9. Bd3 cxd4 10. exd4 a5 11. a3 Ba6 12. 0-0 Bxd3 13. Qxd3 Qb6 14. Nd2 c5 15. Rab1 cxd4 16. Bxd4 Bc5 17. c3 Bxd4+ 18. Qxd4 Qd6 19. b4 axb4 20. axb4 Ra2 1/2-1/2

[Event "Oberfranken-ch"]
[Site "Schney"]
[Date "2019.01.05"]
[Round "6"]
[White "Kuhlemann, Claus"]
[Black "Kleine Weischede, Daniel"]
[Result "1-0"]
[WhiteElo "1783"]
[BlackElo "1116"]
[PlyCount "115"]
[EventDate "2019.01.03"]
[EventType "swiss"]
[EventRounds "7"]
[EventCountry "GER"]
[SourceTitle "CBM 188 Extra"]
[Source "ChessBase"]
[SourceDate "2019.02.26"]
[SourceVersion "1"]
[SourceVersionDate "2019.02.26"]
[SourceQuality "1"]

1. f4 d5 2. Nf3 Nf6 3. e3 e6 4. b3 Bd6 5. Bb2 Bd7 6. Be2 c5 7. 0-0 Nc6 8. Ne5 Qc7 9. d4 cxd4 10. exd4 Rf8 11. Nd2 0-0-0 12. c4 dxc4 13. Ndxc4 Be7 14. Nxc6 Bxc6 15. Ne5 Kb8 16. Rc1 Nd5 17. Qd3 h6 18. a3 f6 19. Nxc6+ bxc6 20. Qa6 Nxf4 21. Bf3 Qb6 22. Qxb6+ axb6 23. Rxc6 Rd6 24. Rfc1 Rfd8 25. Rc7 R6d7 26. R7c6 Rd6 27. Rc7 R6d7 28. Rxd7 Rxd7 29. Rc3 Rxd4 30. Rc6 Rd6 31. Rxd6 Bxd6 32. b4 Be5 33. Bxe5+ fxe5 34. g3 Nd3 35. Bg4 Kc7 36. Bxe6 Kd6 37. Bf5 Nb2 38. Kf2 Nc4 39. a4 Nb2 40. Bc2 Kd5 41. Bb3+ Kd4 42. a5 Nd3+ 43. Kf1 Nxb4 44. axb6 Nc6 45. Ba4 Nb8 46. Ke2 Kd5 47. b7 Kd4 48. Bc2 Kd5 49. Ke3 Ke6 50. Kf3 Nd7 51. Ba4 Nb8 52. Bb5 Kf5 53. g4+ Ke6 54. Ke4 Kd6 55. Kf5 Kd5 56. Kg6 e4 57. Kxg7 e3 58. Kxh6 1-0

[Event "Oberfranken-ch"]
[Site "Schney"]
[Date "2018.01.06"]
[Round "7.16"]
[White "Kuhlemann, Claus"]
[Black "Rahn, Manfred"]
[Result "1/2-1/2"]
[WhiteElo "1801"]
[BlackElo "1750"]
[PlyCount "51"]
[EventDate "2018.01.03"]
[EventType "swiss"]
[EventRounds "7"]
[EventCountry "GER"]
[SourceTitle "EXT 2022"]
[Source "ChessBase"]
[SourceDate "2021.10.06"]
[SourceVersion "1"]
[SourceVersionDate "2021.10.06"]
[SourceQuality "1"]

1. f4 Nf6 2. Nf3 d5 3. e3 c5 4. Bb5+ Bd7 5. Bxd7+ Nbxd7 6. b3 g6 7. Bb2 Bg7 8. 0-0 0-0 9. c4 dxc4 10. bxc4 Nb6 11. Qc2 Rc8 12. h3 Qd7 13. Na3 Rfd8 14. Rad1 Qa4 15. d3 Qxc2 16. Nxc2 Na4 17. Ba1 Ne8 18. Bxg7 Kxg7 19. Rd2 f6 20. Rb1 Rd7 21. Rb3 Rcd8 22. Kf2 Nb6 23. Ke2 Kf7 24. Ra3 a6 25. Rb3 Rd6 26. e4 1/2-1/2

[Event "Oberfranken-ch"]
[Site "Schney"]
[Date "2018.01.04"]
[Round "4"]
[White "Kuhlemann, Claus"]
[Black "Yigit, Aydin"]
[Result "1-0"]
[WhiteElo "1801"]
[BlackElo "1412"]
[PlyCount "67"]
[EventDate "2018.01.03"]
[EventType "swiss"]
[EventRounds "7"]
[EventCountry "GER"]
[SourceTitle "CBM 182 Extra"]
[Source "ChessBase"]
[SourceDate "2018.02.23"]
[SourceVersion "1"]
[SourceVersionDate "2018.02.23"]
[SourceQuality "1"]

1. f4 d5 2. Nf3 c5 3. e3 Nf6 4. b3 g6 5. Bb2 Bg7 6. Bb5+ Nc6 7. Bxc6+ bxc6 8. 0-0 0-0 9. Ne5 Bb7 10. d3 e6 11. Nd2 Re8 12. Qe2 a5 13. a4 Qc7 14. h3 Nd7 15. Ndf3 f5 16. Rab1 Rad8 17. Kh1 Nxe5 18. Bxe5 Bxe5 19. Nxe5 Re7 20. Rg1 Rg7 21. g4 g5 22. gxf5 exf5 23. Qh5 h6 24. Qxh6 Rd6 25. Qh5 g4 26. Qxf5 Rh6 27. Rxg4 Bc8 28. Rxg7+ Qxg7 29. Qxc8+ Kh7 30. Rg1 d4 31. Rxg7+ Kxg7 32. exd4 cxd4 33. Qd7+ Kf6 34. Qf7# 1-0

[Event "Oberfranken-ch"]
[Site "Schney"]
[Date "2017.01.04"]
[Round "3"]
[White "Brunsch, Michael"]
[Black "Kuhlemann, Claus"]
[Result "1-0"]
[WhiteElo "1969"]
[BlackElo "1806"]
[PlyCount "103"]
[EventDate "2017.01.03"]
[EventType "swiss"]
[EventRounds "7"]
[EventCountry "GER"]
[SourceTitle "CBM 176 Extra"]
[Source "ChessBase"]
[SourceDate "2017.03.02"]
[SourceVersion "1"]
[SourceVersionDate "2017.03.02"]
[SourceQuality "1"]

1. Nf3 b6 2. b3 Bb7 3. Bb2 Nf6 4. e3 e6 5. Be2 Be7 6. c4 c5 7. Qc2 Qc7 8. d3 d6 9. Nbd2 Nbd7 10. Rg1 h6 11. g4 g5 12. h3 Rg8 13. 0-0-0 0-0-0 14. d4 Nf8 15. Bd3 Ng6 16. Bxg6 Rxg6 17. e4 Nd7 18. Rge1 Bf6 19. d5 Bxb2+ 20. Qxb2 e5 21. Nf1 Nf6 22. Ng3 Kb8 23. Nd2 Bc8 24. f3 Rh8 25. Rh1 Qe7 26. Ndf1 Ne8 27. Ne3 Ng7 28. b4 Qc7 29. Nef5 Nxf5 30. exf5 Rgg8 31. Ne4 Ka8 32. b5 Qe7 33. Rh2 Rd8 34. Rdh1 Rh7 35. h4 gxh4 36. Rxh4 Rdh8 37. Qd2 Kb7 38. Rxh6 Rxh6 39. Rxh6 Rxh6 40. Qxh6 Kc7 41. Kd2 a6 42. a4 a5 43. Ke3 Bb7 44. Kf2 Bc8 45. Kg3 Bd7 46. Qg7 Bc8 47. Ng5 Bd7 48. f6 Qe8 49. Qxf7 Kd8 50. Qxe8+ Kxe8 51. Ne4 Kf7 52. g5 1-0

[Event "GER Seniors Derby 15th"]
[Site "Wesel Undeloh"]
[Date "2016.04.09"]
[Round "7"]
[White "Kuhlemann, Claus"]
[Black "Schiffer, Alphons"]
[Result "1/2-1/2"]
[WhiteElo "1794"]
[BlackElo "1769"]
[PlyCount "75"]
[EventDate "2016.04.06"]
[EventType "swiss"]
[EventRounds "9"]
[EventCountry "GER"]
[SourceTitle "EXT 2019"]
[Source "ChessBase"]
[SourceDate "2018.10.10"]
[SourceVersion "1"]
[SourceVersionDate "2018.10.10"]
[SourceQuality "1"]

1. f4 Nf6 2. Nf3 g6 3. b3 Bg7 4. Bb2 0-0 5. e3 d6 6. d4 c6 7. Bd3 Bg4 8. 0-0 b5 9. Nbd2 Nd5 10. Qe2 Nd7 11. h3 Bxf3 12. Rxf3 a6 13. e4 Qb6 14. Qf2 Nb4 15. c3 Nxd3 16. Rxd3 Rac8 17. Nf3 e6 18. Rad1 Nf6 19. Qe3 d5 20. e5 Ne4 21. Nd2 f5 22. exf6 Nxf6 23. Qxe6+ Kh8 24. Qe2 Bh6 25. g3 Rce8 26. Re3 Rxe3 27. Qxe3 Re8 28. Qf2 Qc7 29. Re1 Qd7 30. Kf1 Qxh3+ 31. Kg1 Qd7 32. Kf1 Rxe1+ 33. Qxe1 Qf5 34. Kg2 Qd3 35. Ba1 Kg8 36. Qe6+ Kg7 37. Qe7+ Kg8 38. Qe6+ 1/2-1/2

[Event "GER Seniors Derby 15th"]
[Site "Wesel Undeloh"]
[Date "2016.04.08"]
[Round "5"]
[White "Kuhlemann, Claus"]
[Black "Scheuermann, Alexander"]
[Result "1-0"]
[WhiteElo "1794"]
[BlackElo "1220"]
[PlyCount "108"]
[EventDate "2016.04.06"]
[EventType "swiss"]
[EventRounds "9"]
[EventCountry "GER"]
[SourceTitle "EXT 2019"]
[Source "ChessBase"]
[SourceDate "2018.10.10"]
[SourceVersion "1"]
[SourceVersionDate "2018.10.10"]
[SourceQuality "1"]

1. f4 e6 2. Nf3 Bd6 3. d4 b6 4. e4 Bb7 5. Bd3 Nc6 6. 0-0 g6 7. c4 f5 8. e5 Be7 9. Nc3 d6 10. d5 exd5 11. cxd5 Nb8 12. Re1 Kf8 13. Nd4 Bc8 14. Qe2 Kf7 15. e6+ Kf8 16. Be3 a6 17. Nf3 Bf6 18. Ng5 Nh6 19. h3 Kg7 20. Qd2 Re8 21. Bc4 Re7 22. Bd4 Ng8 23. Nf7 Qf8 24. Re3 Ra7 25. g4 c5 26. Bxf6+ Nxf6 27. gxf5 Qg8 28. Qg2 Kf8 29. Rg3 Rxf7 30. exf7 Rxf7 31. fxg6 Rg7 32. gxh7 Nxh7 33. Rxg7 Qxg7 34. Qxg7+ Kxg7 35. Kh2 Bf5 36. Re1 b5 37. Bf1 Kf6 38. Ne4+ Bxe4 39. Rxe4 Kf5 40. Bd3 c4 41. Rxc4+ Kf6 42. Rc7 Nf8 43. h4 Nbd7 44. Rc6 Ke7 45. Rxa6 Nc5 46. Ra7+ Kf6 47. Bxb5 Ng6 48. Kg3 Ne4+ 49. Kf3 Nc5 50. b4 Nxh4+ 51. Kg4 Ng6 52. bxc5 dxc5 53. Ra6+ Kg7 54. Rxg6+ Kxg6 1-0

[Event "Oberfranken-ch"]
[Site "Schney"]
[Date "2016.01.07"]
[Round "7"]
[White "Kuhlemann, Claus"]
[Black "Hornung, Wolfgang"]
[Result "1/2-1/2"]
[WhiteElo "1794"]
[BlackElo "1886"]
[PlyCount "35"]
[EventDate "2016.01.03"]
[EventType "swiss"]
[EventRounds "7"]
[EventCountry "GER"]
[SourceTitle "CBM 170 Extra"]
[Source "ChessBase"]
[SourceDate "2016.02.25"]
[SourceVersion "1"]
[SourceVersionDate "2016.02.25"]
[SourceQuality "1"]

1. f4 e5 2. fxe5 d6 3. exd6 Bxd6 4. Nf3 g5 5. g3 g4 6. Nh4 Ne7 7. d4 Ng6 8. Nxg6 hxg6 9. Qd3 Bf5 10. e4 Qe7 11. Bg2 Nc6 12. c3 f6 13. Be3 Bd7 14. e5 fxe5 15. Qxg6+ Qf7 16. Qxf7+ Kxf7 17. dxe5 Bxe5 18. Nd2 1/2-1/2

[Event "Oberfranken-ch 1213"]
[Site "Schney"]
[Date "2013.01.05"]
[Round "5"]
[White "Kuhlemann, Claus"]
[Black "Hertel, Ulrich"]
[Result "1/2-1/2"]
[WhiteElo "1663"]
[BlackElo "1788"]
[PlyCount "57"]
[EventDate "2013.01.03"]
[EventType "swiss"]
[EventRounds "7"]
[EventCountry "GER"]
[SourceTitle "EXT 2015"]
[Source "ChessBase"]
[SourceDate "2014.11.20"]
[SourceVersion "1"]
[SourceVersionDate "2014.11.20"]
[SourceQuality "1"]

1. f4 e5 2. fxe5 d6 3. exd6 Bxd6 4. Nf3 Bg4 5. g3 h5 6. d4 Bxf3 7. exf3 Nc6 8. Bb5 Nge7 9. Bg5 f6 10. Be3 0-0 11. c3 Nf5 12. Kf2 Re8 13. Re1 h4 14. f4 Nxe3 15. Rxe3 Rxe3 16. Kxe3 Qe7+ 17. Kf2 Re8 18. Qd2 Qe4 19. Na3 h3 20. Bf1 Qf5 21. Nc4 g5 22. Nxd6 cxd6 23. Bd3 Qd5 24. Bf1 g4 25. Kg1 Qe4 26. Bd3 Qd5 27. a3 Kg7 28. Rf1 Re3 29. Rf2 1/2-1/2

[Event "Oberfranken-ch"]
[Site "Schney"]
[Date "2011.01.05"]
[Round "5"]
[White "Kuhlemann, Claus"]
[Black "Pfadenhauer, Johannes"]
[Result "1/2-1/2"]
[WhiteElo "1650"]
[BlackElo "1926"]
[PlyCount "52"]
[EventDate "2011.01.03"]
[EventType "swiss"]
[EventRounds "7"]
[EventCountry "GER"]
[SourceTitle "EXT 2015"]
[Source "ChessBase"]
[SourceDate "2014.11.20"]
[SourceVersion "1"]
[SourceVersionDate "2014.11.20"]
[SourceQuality "1"]

1. f4 g6 2. Nf3 Bg7 3. e3 Nf6 4. Be2 0-0 5. 0-0 c5 6. d3 Nc6 7. Nc3 Rb8 8. e4 b5 9. e5 Ne8 10. d4 b4 11. Ne4 cxd4 12. Nxd4 Nxd4 13. Qxd4 Nc7 14. Qxa7 Bb7 15. Bf3 Nb5 16. Qe3 Qc7 17. Qc5 Rfc8 18. Qxb4 d5 19. Nc3 Nxc3 20. Qxc3 Qd8 21. Qd2 f6 22. exf6 Bxf6 23. c3 d4 24. Bxb7 Rxb7 25. cxd4 Bxd4+ 26. Kh1 Bxb2 1/2-1/2

[Event "Oberfranken-ch"]
[Site "Schney"]
[Date "2011.01.04"]
[Round "4"]
[White "Kuhlemann, Claus"]
[Black "Schwarzmann, Tobias"]
[Result "1/2-1/2"]
[WhiteElo "1650"]
[BlackElo "1954"]
[PlyCount "101"]
[EventDate "2011.01.03"]
[EventType "swiss"]
[EventRounds "7"]
[EventCountry "GER"]
[SourceTitle "EXT 2015"]
[Source "ChessBase"]
[SourceDate "2014.11.20"]
[SourceVersion "1"]
[SourceVersionDate "2014.11.20"]
[SourceQuality "1"]

1. f4 d5 2. Nf3 g6 3. e3 Bg7 4. Be2 e6 5. 0-0 c5 6. d3 Ne7 7. c3 0-0 8. Qc2 Nd7 9. e4 dxe4 10. dxe4 e5 11. Rd1 Qc7 12. fxe5 Nxe5 13. g3 N7c6 14. Bf4 Rd8 15. Na3 Be6 16. Ng5 Qe7 17. Rxd8+ Rxd8 18. Rd1 Rd7 19. Nxe6 Qxe6 20. b3 a6 21. Rxd7 Qxd7 22. Nc4 b5 23. Nxe5 Bxe5 24. Be3 Qd6 25. Kg2 h5 26. Qd2 Kf8 27. Qxd6+ Bxd6 28. c4 b4 29. h3 Ke7 30. h4 Ne5 31. Kh3 f6 32. g4 hxg4+ 33. Bxg4 Nc6 34. Kg2 Kd8 35. h5 gxh5 36. Bxh5 Kc7 37. Kf3 Bf8 38. Bf4+ Bd6 39. Be3 Ne5+ 40. Ke2 a5 41. Bf4 Nxc4 42. bxc4 Bxf4 43. Kd3 Kd6 44. Bf7 a4 45. Be8 b3 46. axb3 a3 47. Kc2 Ke5 48. Bc6 Kd4 49. Kb1 Kd3 50. Ka2 Bc1 51. Bd5 1/2-1/2